| 000 | 00332nam a2200109Ia 4500 | ||
|---|---|---|---|
| 008 | 180323s9999 xx 000 0 und d | ||
| 020 | _a971879753 | ||
| 100 | _aDoronila, Vincent Angelo | ||
| 245 |
_aEdukasyon : _bHarnessing indigenous knowledge for education |
||
| 260 |
_aQuezon City: _b1996 _cUP diliman Pub |
||
| 300 | _av, 176 pages | ||
| 999 |
_c356360 _d356360 |
||